00839nam a2200217 a 450000100100000000500170001000800410002702000150006804000250008310000320010824000300014024501060017026000360027630000210031249000520033370000460038583000590043104900090049095201050049999900170060400003530320200930074237.0111027s2005 es 000 0 spa d a8497643550 aDO-SdBNPbspacBNPHU1 aNietzsche, Friedrich94443110aJenseits von gut und bose10aMás allá del bien y del mal /cFriedrich Nietzsche ; traductor Francisco Javier Carretero Moreno. aMadrid :bEdimat Libros,c2005. a253 p. ;c18 cm.1 aClásicos de la literaturaafilosofía ensayo12aCarretero Moreno, Francisco Javier961072 0aClásicos de la literaturapfilosofía ensayo961073 aBNPD 001050718MOaGRbGRcHDd2011-10-27iLF1l0o p35303-10r2020-06-25w2020-06-25y1ZNo se presta c34794d34794